| 000 | 01417nam a22002417a 4500 | ||
|---|---|---|---|
| 999 |
_c58354 _d58354 |
||
| 003 | Ge_BSU | ||
| 005 | 20211122123306.0 | ||
| 008 | 211122s2020ge xxu||||| |||| 00| 0 geo d | ||
| 020 | _a 9789941821240 | ||
| 041 | _ageo | ||
| 080 | _a 630.5(075.8) ვ-23 | ||
| 100 |
_a ვასაძე, რეზო. _912990 |
||
| 245 |
_aსატყეო ტაქსაცია : _b[სახელმძღვანელო] / _cრეზო ვასაძე ; რედ. ვანო პაპუნიძე. |
||
| 264 |
_aთბილისი : _b(სტამბა "კოლორი") _c 2020. |
||
| 300 |
_a 378 გვ. : _bსურ. ; _c29 სმ. |
||
| 504 | _aბიბლიოგრაფია: გვ. 370-373. | ||
| 653 | _a სატყეო ტაქსაცია | ||
| 653 | _aსოფლის მეურნეობა | ||
| 700 |
_aპაპუნიძე, ვანო _eრედაქტორი _91737 |
||
| 711 |
_aსაქართველოს საპატრიარქოს წმ. ტბელ აბუსერისძის სახ. სასწავლო უნ-ტი, _912991 |
||
| 711 |
_aსაქართველოს საპატრიარქოს წმ. გიორგი მთაწმინდელის სახ. ქართველოლოგიური კვლევების ინ-ტი. _912992 |
||
| 942 |
_2udc _cBK |
||